Modern Hebrew : grammar and explanatory notes /

Bibliographic Details
Main Author: Wartski, Isidore
Corporate Author: Linguaphone Institute
Format: Book
Language:English
Hebrew
Language Notes:English or Hebrew.
Published: London; New York : Linguaphone Institute, [between 1900 and 1999]
Subjects:

MARC

Tag First Indicator Second Indicator Subfields
LEADER 00000cam a2200000 a 4500
001 in00001432921
005 20151020101326.0
008 951107q19001990enk 000 0 eng d
035 |a (OCoLC)33430454 
035 |9 AHS7949AM 
040 |a FUG  |c FUG  |d TXA  |d UtOrBLW 
041 0 |a eng  |a heb 
049 |a TXAM 
090 |a PJ4567  |b .W361 1900z 
100 1 |a Wartski, Isidore. 
245 1 0 |a Modern Hebrew :  |b grammar and explanatory notes /  |c by I. Wartski. 
246 1 |i At head of title:  |a Linguaphone 
246 3 |a Linguaphone modern Hebrew 
264 1 |a London;  |a New York :  |b Linguaphone Institute,  |c [between 1900 and 1999] 
300 |a 115 pages ;  |c 18 cm. 
336 |a text  |b txt  |2 rdacontent 
337 |a unmediated  |b n  |2 rdamedia 
338 |a volume  |b nc  |2 rdacarrier 
546 |a English or Hebrew. 
650 0 |a Hebrew language  |x Grammar. 
650 0 |a Hebrew language  |v Textbooks for foreign speakers  |x English. 
710 2 |a Linguaphone Institute. 
948 |a c:jls 
999 |a MARS 
999 f f |s 0719c8e3-b36d-3615-91a7-e4397e632629  |i f4abc4e5-8ee8-3c45-9051-67e02750c63b  |t 0 
952 f f |p ric  |a Texas A&M University  |b Rellis Campus  |c Joint Library Facility  |d Remote Storage  |t 0  |e PJ4567 .W361 1900z  |h Library of Congress classification  |i unmediated -- volume  |m A14823466222 
998 f f |a PJ4567 .W361 1900z  |t 0  |l Remote Storage